| 000 | 00377nam a22001697a 4500 | ||
|---|---|---|---|
| 003 | UA-OsUOA | ||
| 001 | 3173 | ||
| 007 | ta | ||
| 008 | 20050721b un ||||| |||| 00| 0 ukr d | ||
| 100 | _aRedman | ||
| 700 | _aStuart | ||
| 942 | _cBK | ||
| 040 |
_aUA-OsUOA _cUA-OsUOA _dUA-OsUOA |
||
| 245 |
_aEnglish Vocabulary in use.pre-int&int _bVocabulary |
||
| 955 | _a2 | ||
| 650 | 7 | _2UDC | |
| 999 |
_c289335 _d289335 |
||